000 01278nam a22003254a 4500
001 ebr10044077
003 CaPaEBR
006 m u
007 cr cn|||||||||
008 001101s2001 enk sb 001 0 eng
010 _z 00053056
020 _z0333801954
040 _aCaPaEBR
_cCaPaEBR
035 _a(OCoLC)559646090
050 1 4 _aHQ1236
_b.W6529 2001eb
082 0 4 _a305.42
_221
245 0 0 _aWomen's rights and human rights
_h[electronic resource] :
_binternational historical perspectives /
_cedited by Patricia Grimshaw, Katie Holmes, and Marilyn Lake.
260 _aBasingstoke, Hampshire [England] ;
_aNew York :
_bPalgrave,
_cc2001.
300 _axxi, 318 p.
504 _aIncludes bibliographical references and index.
533 _aElectronic reproduction.
_bPalo Alto, Calif. :
_cebrary,
_d2013.
_nAvailable via World Wide Web.
_nAccess may be limited to ebrary affiliated libraries.
650 0 _aWomen's rights.
650 0 _aHuman rights.
655 7 _aElectronic books.
_2local
700 1 _aGrimshaw, Patricia.
700 1 _aHolmes, Katie.
700 1 _aLake, Marilyn.
710 2 _aebrary, Inc.
856 4 0 _uhttp://site.ebrary.com/lib/rucke/Doc?id=10044077
_zAn electronic book accessible through the World Wide Web; click to view
999 _c75042
_d75042